Najpopularniejsi raperzy w tym tygodniu . 02-08.04 - Statystyki

Ogólne statystyki
  • Ten quiz został rozwiązany 24 razy
  • Średni wynik to 7 z 15
Statystyki odpowiedzi
Miejsce w poprzednim tygodniu Wyświetlenia Raper % Poprawnych
#3 4.80M Bedoes
95%
#1 13.40M Mata
73%
#15 2.49M Quebonafide
64%
#2 5.82M Sobel
64%
#9 2.80M Żabson
64%
#4 3.72M Guzior
55%
#5 3.23M Paluch
55%
#21 2.63M ReTo
50%
#7 3.20M Szpaku
50%
#13 3.16M Kabe
41%
#6 3.28M Tymek
41%
#12 2.81M Kukon
27%
#8 2.93M Kali
23%
#11 3.73M Kubańczyk
23%
#10 2.84M Major SPZ
18%
Nie znaleziono quizów pasujących do podanych kryteriów
Rozkład punktacji
Procent ludzi z każdym wynikiem
Percentyl według liczby udzielonych odpowiedzi
Twoja historia wyników
Nie rozwiązałeś tego quizu